Pokémon - Les attaques de Mysdibule - Statistiques

Statistiques générales
  • Ce quiz a été pris 31 fois
  • Le résultat moyen est 10 sur 16
Statistiques - réponses
Niveaux Types Noms des attaques % Correct
Niveau 28 Ténèbres Mâchouille
100%
Niveau 12 Ténèbres Morsure
93%
Niveau 48 Fée Câlinerie
79%
Départ Spectre Étonnement
79%
Niveau 24 Acier Mur de Fer
79%
Niveau 36 Acier Tête de Fer
79%
Départ Normal Rugissement
71%
Niveau 16 Normal Avale
57%
Niveau 16 Normal Stockage
57%
Niveau 20 Ténèbres Coup Bas
50%
Niveau 44 Ténèbres Croco Larme
50%
Niveau 16 Normal Relâche
50%
Niveau 4 Fée Vent Féérique
50%
Niveau 40 Ténèbres Provoc
43%
Niveau 32 Normal Doux Parfum
7%
Niveau 8 Normal Relais
7%
Aucun quiz correspondant
Distribution des résultats
% des personnes avec chaque résultat
Percentile par nombre de réponses
Votre historique - résultats
Vous n’avez pas pris ce quiz